000 00217nam a22000857a 4500
008 170209b xxu||||| |||| 00| 0 eng d
100 _92838
_aDavidson. S
245 _aDear Mensch
260 _aLondon
_bDorling Kindersley
_c2002
999 _c6054
_d6054